Tilastot visalle Pohjanmaa-visa

Klikkaa tästä pelataksesi tätä visaa!

Yleistilastot

  • Tätä visaa on pelattu 537 kertaa
  • Keskiarvotulos 10 / 15

Vastaustilastot

VihjeVastaus% Oikein
Suurin kaupunkiVaasa
96%
Kieli, jota päälle puolet väestöstä puhuu äidinkielenäänRuotsi
95%
NaapurimaakunnatEtelä-Pohjanmaa
87%
NaapurimaakunnatKeski-Pohjanmaa
81%
Lahti maakunnan länsipuolellaPohjanlahti
81%
Kunta, joka on tunnettu maataloudestaan ja vihanneksistaanNärpiö
77%
NaapurimaakunnatSatakunta
75%
Kolmanneksi suurin kuntaPietarsaari
67%
Suuri nisäkäslaji ja maakunnan nimikkoeläinHirvi
59%
Väkiluvultaan Suomen pienin kaupunkiKaskinen
58%
Toiseksi suurin kuntaMustasaari
53%
Kaupunki oli käytännössä Suomen pääkaupunki tämän sodan aikanaSisällissota
49%
Maakunnan suurin saari ja entinen kunta{Raippa}luoto
47%
Pohjanmaalainen kansallisrunoilija ja kirjailija (vihje: Maamme-laulu)Johan Runeberg
46%
Maailmanperintökohteen aseman saanut saaristo{Merenkurkun} saaristo
44%

Tulosjakauma

Persentiili vastausten määrän mukaan

Jokaisen tuloksen saaneiden osuus

Tuloshistoriasi

Et ole pelannut tätä visaa